Владимир Путин. Из летописи XXI века

Bibliographic Details
Main Author: Мясников А. Л. Александр Леонидович
Corporate Author: Российское военно-историческое общество (570)
Summary:Существует традиционный способ написания портрета человека: черты характера, манеры, привычки, пристрастия, увлечения, слабости и, конечно, внешний облик. Но при всей, казалось бы, объективности этот портрет остается субъективным, то есть авторским. Так человека увидел конкретный автор. Писатель и историк Александр Мясников использует иной подход к созданию портрета Владимира Владимировича Путина — через конкретные дела и поступки. Только они, с точки зрения писателя, являются объективными характеристиками человека, а тем более главы государства. Проект "Собиратели Земли Русской" реализуется Российским военно-историческим обществом при поддержке партии "Единая Россия"
Language:Russian
Published: Москва, Проспект, 2024
Series:Собиратели Земли Русской
Subjects:
Format: Book
KOHA link:https://koha.lib.tpu.ru/cgi-bin/koha/opac-detail.pl?biblionumber=673023

MARC

LEADER 00000nam0a2200000 4500
001 673023
005 20240927115354.0
010 |a 978-5-392-40596-1 
090 |a 673023 
100 |a 20240613d2024 km|y0rusy50 ca 
101 0 |a rus 
102 |a RU 
105 |a a z 001yb 
181 0 |a i   |b  e  
182 0 |a n 
183 0 |a nc  |2 RDAcarrier 
200 1 |a Владимир Путин. Из летописи XXI века  |f Александр Мясников 
203 |a Текст  |b визуальный  |c непосредственный 
210 |a Москва  |c Проспект  |d 2024 
215 |a 982 с.  |c ил. 
225 1 |a Собиратели Земли Русской 
283 |a volume  |2 RDAcarrier 
320 |a Использованная литература: с. 748-752 
330 |a Существует традиционный способ написания портрета человека: черты характера, манеры, привычки, пристрастия, увлечения, слабости и, конечно, внешний облик. Но при всей, казалось бы, объективности этот портрет остается субъективным, то есть авторским. Так человека увидел конкретный автор. Писатель и историк Александр Мясников использует иной подход к созданию портрета Владимира Владимировича Путина — через конкретные дела и поступки. Только они, с точки зрения писателя, являются объективными характеристиками человека, а тем более главы государства. Проект "Собиратели Земли Русской" реализуется Российским военно-историческим обществом при поддержке партии "Единая Россия" 
600 1 |a Путин  |b В. В.  |c российский государственный деятель  |c президент РФ  |f 1952-  |g Владимир Владимирович  |9 439 
606 1 |a Государственные и политические деятели Российской Федерации  |x Внутренняя политика  |x Персоналии  |x Произведения  |9 83703 
610 1 |a политика 
610 1 |a политические деятели 
610 1 |a биографии 
610 1 |a Россия 
610 1 |a 21 век 
686 |2 rubbk  |a Ф3(2)8 
700 1 |a Мясников  |b А. Л.  |g Александр Леонидович 
712 0 2 |a Российское военно-историческое общество  |c (Москва)  |4 570  |9 27778 
801 0 |a RU  |b 63413507  |c 20240613 
942 |c BK